Práctica de la soldadura autogena (Registro nro. 7177)
[ vista simple ]
| 000 -CABECERA | |
|---|---|
| campo de control de longitud fija | 00436aam a2200181 4500 |
| 005 - FECHA Y HORA DE ACTUALIZACIÓN | |
| campo de control | 20170214142704.0 |
| 008 - LONGITUD FIJA | |
| campo de control de longitud fija | 150818b xxu||||| |||| 00| 0 spa d |
| 041 ## - IDIOMA | |
| Código de idioma del texto/pista de sonido o título separado | |
| 082 ## - CLASIFICACIÓN DECIMAL DEWEY | |
| Número de clasificación | 671.521 F826p |
| 100 ## - AUTOR PERSONAL | |
| Nombre de persona | Franche, G |
| 245 ## - TÍTULO PROPIAMENTE DICHO | |
| Título | Práctica de la soldadura autogena |
| 260 ## - PIE DE IMPRENTA | |
| Lugar de publicación, distribución, etc. | España |
| 260 ## - PIE DE IMPRENTA | |
| Nombre del editor, distribuidor, etc. | Gustavo Gili |
| 260 ## - PIE DE IMPRENTA | |
| Fecha de publicación, distribución, etc. | 1973 |
| 300 ## - DESCRIPCIÓN FÍSICA | |
| Extensión | 191 páginas |
| 650 ## - Materia General | |
| Materia general | SOLDADURA ELÉCTRICA |
| 942 ## - Punto de Acceso Adicional Koha | |
| Tipo de ítem Koha | Libro |
No hay ítems disponibles.